| 000 | 00657nam a22001817a 4500 | ||
|---|---|---|---|
| 999 |
_c124361 _d124361 |
||
| 005 | 20211018090425.0 | ||
| 008 | 211018b ||||| |||| 00| 0 eng d | ||
| 020 | _a9783030181659 | ||
| 040 | _cPK-LaUMT | ||
| 082 |
_a610.285 _bSEC- |
||
| 245 |
_aSecure and trustworthy cyberphysical microfluidic biochips : _ba practical guide to cutting-edge design techniques for implementing secure and trustworthy cyberphysical microfluidic biochips / _cby Jack Tang . . . [et al.] |
||
| 260 |
_aCham, Switzerland : _bSpringer, _c2020 |
||
| 300 | _a144 p. | ||
| 650 | _aBiomedical engineering | ||
| 650 | _aComputer science | ||
| 650 | _aMicrofluidic | ||
| 942 | _cBK | ||